LEADER 01141nam a2200253 i 4500 001 000000081859 003 CaOOAMICUS 005 20180703000000.0 008 180703s2001 it u000 u ita u 013 $a54099 020 $a88-88130-42-X 040 $aSeMil$bita 245 10$aRouault :$bil circo, la guerra, la speranza : opere grafiche dalle collezioni milanesi /$ca cura di Elena Pontiggia. 260 $aMilano :$bMedusa,$c2001. 300 $a159 p. :$bill. color ;$c28 cm. 500 $aCatalogo della mostra tenuta a Milano, Fondazione stelline, nel 2002. 600 14$aRouault, Georges <1871-1958>.$0(OLS)http://semarc/subject/17974 700 1 $aPontiggia, Elena,$d<1955- >.$0(OLS)http://semarc/name/19239 850 $aSeMil 852 $aSeMil$W1$xVenegono$y1$m5F IX 82$j47031$B47031$CSeMilBibl$Z2$F49458 $81 961 $aOmaggio: Giacomoni Silvia 996 $6020$a88-88130-42-X$9(OLS)http://semarc/number/271232 996 $6245$aRouault :$bil circo, la guerra, la speranza : opere grafiche dalle collezioni milanesi$9(OLS)http://semarc/title/404787 996 $6260$aMilano :$bMedusa$9(OLS)http://semarc/publisher/33071 LEADER 01125nas a2200229 i 4500 001 000000210096 003 CaOOAMICUS 005 20120124000000.0 008 111229b2011 it uu u0 0ita r 013 $a188904 040 $aSeMil$bita 245 10$aVarese :$bScienze per la Vita = Sciences for Life. 260 $a[Varese] :$bCamera di Commercio Industria, Artigianato e Agricoltura di Varese,$ccopyr. 2011. 300 $a95 p. :$briccamente ill. ;$c29 cm + [1] c. di allegato. 500 $aIn Allegato : Questionario di customer satisfaction. - Traduzione in inglese dei singoli articoli. - Titolo dalla copertina. 773 0 $tLombardia Nord-Ovest.$dVarese : [s.n.], [1958?]$w()3252 774 0 $t[vedi periodico].$w()276559 850 $aSeMil 852 $aSeMil$W1$xVenegono$y1$m199 5 61$j160547$B160547$CSeMilBibl$Z2$F171865 $85 961 $aOmaggio: Camera di Commercio 996 $6245$aVarese :$bScienze per la Vita = Sciences for Life$9(OLS)http://semarc/title/303755 996 $6260$a[Varese] :$bCamera di Commercio Industria, Artigianato e Agricoltura di Varese$9(OLS)http://semarc/publisher/35108